000 00653 a2200241 4500
010 _aTML-30170
020 _a8126020911
_c180.00
035 _aTM-28406
037 _bD.B.Act / pub /
082 _a894.8123
090 _c24
_d24
100 _aKovilan
245 _aThattagam /
_cKovilan
246 _aதட்டகம்
250 _a1st ed
260 _aChennai
_bSahitya Akademi
_c2005
270 _a35,Feroshah Road
_bNew Delhi
_e110001
300 _a424p
_c22cm
650 _aMalayalam-Fiction
700 _aNirmalya
942 _cTM
_k894.812 /KOV
999 _c24
_d24